Wireless mobile phone access to internet (Record no. 12064)

MARC details
000 -LEADER
fixed length control field 00471nam a2200205Ia 4500
001 - CONTROL NUMBER
control field 110976
003 - CONTROL NUMBER IDENTIFIER
control field YMCAF
005 - DATE AND TIME OF LATEST TRANSACTION
control field 20230512162433.0
008 - FIXED-LENGTH DATA ELEMENTS--GENERAL INFORMATION
fixed length control field 100717s2002 ||||||||||||||||| ||und|d
024 ## - OTHER STANDARD IDENTIFIER
Standard number or code 110976
035 ## - SYSTEM CONTROL NUMBER
System control number WB1963
040 ## - CATALOGING SOURCE
Original cataloging agency YMCAF
Language of cataloging eng
Transcribing agency IN-KoLT
041 ## - LANGUAGE CODE
Language code of text/sound track or separate title eng
082 ## - DEWEY DECIMAL CLASSIFICATION NUMBER
Classification number 621.384
Item number NOE
100 ## - MAIN ENTRY--PERSONAL NAME
Personal name Noel, Thomas
245 #0 - TITLE STATEMENT
Title Wireless mobile phone access to internet
260 ## - PUBLICATION, DISTRIBUTION, ETC.
Name of publisher, distributor, etc. Hermes Penton
Date of publication, distribution, etc. 2002
300 ## - PHYSICAL DESCRIPTION
Extent 247
942 ## - ADDED ENTRY ELEMENTS (KOHA)
Source of classification or shelving scheme Dewey Decimal Classification
Koha item type Books
Holdings
Withdrawn status Lost status Damaged status Not for loan Home library Current library Date acquired Cost, normal purchase price Total Checkouts Barcode Date last seen Price effective from Koha item type Public note F G
        JC Bose University of Science & Technology JC Bose University of Science & Technology 17/07/2010 40.00   WB1963 12/05/2023 12/05/2023 Books C GBP 40.00 601587